Lokalizačné rozhodovania v tvorbe distribučnej siete diplomová práca

Guardado en:
Detalles Bibliográficos
Autor principal: Tkáč, Viliam
Autor Corporativo: Národohospodárska fakulta EU. Katedra verejnej správy a regionálneho rozvoja
Otros Autores: Rehák, Štefan, 1974-
Formato: Libro
Lenguaje:eslovaco
Publicado: Bratislava 2010
Etiquetas: Agregar Etiqueta
Sin Etiquetas, Sea el primero en etiquetar este registro!

MARC

LEADER 00000nam$a2200000$$$4500
001 0121164
005 20240318122529.3
041 0 |a slo 
044 |a SK 
245 1 0 |a Lokalizačné rozhodovania v tvorbe distribučnej siete  |b diplomová práca  |c Viliam Tkáč ; škol. Štefan Rehák 
264 1 |a Bratislava  |c 2010 
300 |a 84 s. 
100 1 |a Tkáč, Viliam 
700 1 |a Rehák, Štefan, 1974- 
710 2 |a Národohospodárska fakulta EU. Katedra verejnej správy a regionálneho rozvoja